Lousy Literary Parents Quiz Stats

Quiz Updated Jul 28, 2015

Also try: Literary Siblings
Challenge
Share
Tweet
Embed
Score 0/18 Timer 06:00
0 Plays Today
% Correct
King Lear
91.4%
Harry Potter and the Chamber of Secrets
90.3%
The Brothers Karamazov
89.6%
Adventures of Huckleberry Finn
87.3%
Psycho
85.7%
Les Misérables
84.2%
A Game of Thrones
80.7%
The Shining
75.4%
Great Expectations
71.7%
% Correct
The Bad Beginning (A Series of Unfortunate Events)
69.8%
James and the Giant Peach
69.3%
The Girl with the Dragon Tattoo
68.4%
Matilda
66.4%
To Kill a Mockingbird
60.4%
Lolita
58.9%
Carrie
55.9%
Prince Caspian
51.9%
Jane Eyre
47%

You're not logged in!

Compare scores with friends on all Sporcle quizzes.
Join for Free
OR
Log In

You Might Also Like...

Show Comments

Extras

Top Quizzes Today


Score Distribution

Your Account Isn't Verified!

In order to create a playlist on Sporcle, you need to verify the email address you used during registration. Go to your Sporcle Settings to finish the process.

Report this User

Report this user for behavior that violates our Community Guidelines.

Details: